| 000 | 00660nam a2200229Ia 4500 | ||
|---|---|---|---|
| 008 | 160803s9999 xx 000 0 und d | ||
| 020 | _a9780590474771 | ||
| 100 | _aBerger, Melvin | ||
| 245 | 2 | _aA whale is not a fish and other animal mix-ups / | |
| 245 | _cby Melvin Berger ; illustrated by Marshall Peck III. | ||
| 260 | _aNew York : | ||
| 260 | _bScholastic Inc. | ||
| 260 | _c1995 | ||
| 300 | _a64 pages : | ||
| 300 | _bcolor illustrations ; | ||
| 300 | _c23 cm | ||
| 650 | _aAnimals -- Classification -- | ||
| 650 | _aAnimals -- Identification -- | ||
| 650 | _xJuvenile literature. | ||
| 650 | _xJuvenile literature. | ||
| 700 | _a650 | ||
| 999 |
_c299040 _d299040 |
||